02083cam a22003491 4500001001300000003000400013005001700017008004100034010001700075035001900092040005600111042001200167043001200179050002200191082001900213100004700232245012700279260005000406300009400456490005100550500003900601500008300640500026200723501049600985504002801481650003601509650004001545650004101585830005101626830003901677999001701716gs 42000198 DLC20260227111347.0810911s1942 ksuab b s001 0 eng c ags 42000198  a(OCoLC)7753044 aU.S. Geol. Survey. Libr.cGStGdWaChenEdOCoLCdDLC apremarc an-us-ks00aQE113b.A2 no. 40 a551.49097817151 aMcLaughlin, Thad G.q(Thad Gerald),d1913-10aGeology and ground-water resources of Morton County, Kansas /cby Thad G. McLaughlin ; with analyses by Robert H. Hess ... aTopeka :bKansas State Printing Plant,c1942. a126 p. :bincl. illus., tables, diagrs., 2 fold. maps (in pocket) fold. profile ;c23 cm.1 aKansas. State Geological Survey. Bulletinv40 aUniversity of Kansas Publications. aAt head of title: State Geological Survey of Kansas. Division of Ground Water. a"Prepared by the United States Geological Survey and the State Geological Survey of Kansas with the cooperation of the Division of Sanitation of the Kansas State Board of Health, and the Division of Water Resources of the Kansas State Board of Agriculture." aWith : Ground-water supplies in Kansas available for national defense industries / by S.W. Lohman, J.C. Frye, H.A. Waite, V.C. Fishel, T.G. McLaughlin, B.F. Latta and G.E. Abernathy, 1942 -- Pleistocene mammals from Kansas / by Claude W. Hibbard ; A new species of cyprinidontid fish from the middle Pliocene of Kansas, by Claude W. Hibbard and David H. Dunkle, 1942 -- Kansas bentonite : its properties and utilization / by E.D. Kinney, 1942. Bound together subsequent to publication.5DLC a"References": p. 90-91. 0aGeologyzKansaszMorton County. 0aGroundwaterzKansaszMorton County. 0aWater-supplyzKansaszMorton County. 0aBulletin (Kansas Geological Survey) ;vno. 40. 0aUniversity of Kansas Publications. c27805d27805